Дневникът на един нинджа 3 (Запис номер 204306)
[ съкратено ]
| 000 -Лидер | |
|---|---|
| Лидер | 01332nam a2200313 a 4500 |
| 003 - Код на организацията, давaща контролен номер | |
| Код на организацията, даваща контролен номер | BLK |
| 005 - Дата и час на последна редакция | |
| Дата и час на последна редакция | 20250701173918.0 |
| 008 - Елементи от данни с фиксирана дължина | |
| Елементи с фиксирана дължина | 180411b bul|||||r ||||||| ||bul|| |
| 020 ## - Международен стандартен номер на книга ISBN | |
| ISBN | 9789542617501 |
| 040 ## - Източник на каталожния запис | |
| Код на библиотеката | BLK |
| 041 ## - Код за език | |
| Език | Български |
| Език за КДБФ | Български |
| 080 ## - УДК | |
| УДК текст | Американска литература (на САЩ) |
| УДК код | 821.111(73) |
| УДК – определител | -93-32 |
| УДК – код + определител | 821.111(73)-93-32 |
| 084 ## - Класификационен индекс по друга класификация | |
| Авторски знак | Еме - Е 59 |
| 100 1# - Редна дума - Автор | |
| Автор | Емерсън, Маркъс |
| R(LIN) | 347173 |
| 245 10 - Сведения за заглавието | |
| Заглавие | Дневникът на един нинджа 3 |
| Подзаглавни данни | Възходът на червените нинджи |
| Авторска отговорност | Маркъс Емерсън; прев. от англ. Коста Атанасов Сивов. |
| 257 ## - Страна на издаване | |
| Страна на създаване/издаване | Съединени американски щати |
| 260 ## - Област на издателските данни | |
| Място на издаване | София |
| Име на издателя | Хермес |
| Година на издаване | 2017 |
| Печатница | София : Алианс принт |
| 300 ## - Физическа характеристика | |
| Брой страници | 136 с. |
| Илюстрации | с ил. |
| Размер | 20 см |
| 380 ## - Жанр | |
| Жанр | Детска худож. лит. |
| 500 ## - Общи забележки | |
| Обща забележка | Ориг. загл. Diary of a Sixth Grade Ninja : Rise of the Red Ninjas / Marcus Emerson. |
| 653 ## - Ключова дума – ненормативна | |
| Ключови думи | повести |
| 653 ## - Ключова дума – ненормативна | |
| Ключови думи | литература за деца |
| 653 ## - Ключова дума – ненормативна | |
| Ключови думи | детска литература |
| 700 ## - Други автори (авторска отговорност) | |
| Друг автор | Сивов, Коста Атанасов |
| 9 (RLIN) | 383724 |
| 852 ## - Местоположение | |
| Сигнатура (форматна) | Цб 285157 |
| Отдел | Детски отдел |
| Систематично-азбучна сигнатура | 821-93/Е 59 М |
| 942 ## - АРТИКУЛИ | |
| Вид на библиотечния документ | Книги |
| Скрит в OPAC | Не |
| Koha issues (borrowed), all copies | 19 |
| 944 ## - СЪЗДАВАНЕ И РЕДАКЦИЯ на ЗАПИСА | |
| Създаване/Редакция | Създаване |
| Дата на регистрацията/редакция | 30.10.2017 |
| Номер на служител | Грета Цуфелде |
| Служител, извършил регистрацията/редакцията | 30537 |
| 999 ## - СИСТЕМНИ КОНТРОЛНИ НОМЕРА | |
| Koha biblionumber | 204306 |
| Koha biblioitemnumber | 204306 |
| Код за отписване | Код за изгубен артикул | Източник на класификационната схема | Код за повреда | Коз за рестрикции | Код за отдаване | Артикулен № | Име на библиотеката - собственик | Име на библиотеката, в която се намира в момента | Статус (Текущо местоположение) | Дата на вписване в системата | Местоположение - отдел | Цена в лева | Инвентарен номер | Систематично азбучна сигнатура | Баркод | Номер на екземпляра | Цена в евро | Служебна бележка | Служебен тип на артикула |
|---|---|---|---|---|---|---|---|---|---|---|---|---|---|---|---|---|---|---|---|
| Не е изгубен | Universal Decimal Classification | Не е повреден | без рестрикции | заемане за дома | 352325 | Регионална библиотека "Любен Каравелов" Русе | Регионална библиотека "Любен Каравелов" Русе | Детски отдел | 2017-10-30 | Детски отдел | 5.96 | 120000816613 | ДХ 820/899/Е 59 | 120000816613 | 1 | 3.05 | Дост: Pk Вид: Ф N: 890 Дата: 26.10.2017 | Книги | |
| Не е изгубен | Universal Decimal Classification | Не е повреден | без рестрикции | заемане за дома | 352326 | Регионална библиотека "Любен Каравелов" Русе | Регионална библиотека "Любен Каравелов" Русе | Детски отдел | 2017-10-30 | Детски отдел | 5.96 | 120000816614 | ДХ 820/899/Е 59 | 120000816614 | 2 | 3.05 | Дост: Pk Вид: Ф N: 890 Дата: 26.10.2017 | Книги | |
| Не е изгубен | Universal Decimal Classification | Не е повреден | само за читалня | ползва се в читалня | 679133 | Регионална библиотека "Любен Каравелов" Русе | Регионална библиотека "Любен Каравелов" Русе | Хранилище | 2018-08-21 | Хранилище | 7.95 | 120000822241 | Цб 289749 | 120000822241 | 4.06 | Книги | |||
| Не е изгубен | Universal Decimal Classification | Не е повреден | заемане за дома | 942569 | Регионална библиотека "Любен Каравелов" Русе | Регионална библиотека "Любен Каравелов" Русе | Детски отдел | 2024-04-19 | Детски отдел | 7.95 | 120000901592 | 821-93/Е 59 М | 120000901592 | 4.06 | Книги |